Indian Insect Life : A Manual of the Insect of the Plains (Tropical India) (Record no. 592843)

MARC details
000 -LEADER
fixed length control field 00554nam a2200145Ia 4500
008 - FIXED-LENGTH DATA ELEMENTS--GENERAL INFORMATION
fixed length control field 100415s9999 xx 000 0 und d
082 ## - DEWEY DECIMAL CLASSIFICATION NUMBER
Item number 9911
Classification number 595.7(54)
100 ## - MAIN ENTRY--PERSONAL NAME
Personal name Maxwell-Lefroy H.
245 ## - TITLE STATEMENT
Title Indian Insect Life : A Manual of the Insect of the Plains (Tropical India)
260 ## - PUBLICATION, DISTRIBUTION, ETC. (IMPRINT)
Place of publication, distribution, etc NEW DELHI
Date of publication, distribution, etc 1909
Name of publisher, distributor, etc TODAY & TOMORROW'S PRINTERS &
365 ## - TRADE PRICE
Price amount 500
630 ## - SUBJECT ADDED ENTRY--UNIFORM TITLE
Uniform title Indian Insect Life : A Manual of the Insect of the Plains (Tropical India)
730 ## - ADDED ENTRY--UNIFORM TITLE
Uniform title Indian Insect Life : A Manual of the Insect of the Plains (Tropical India)
942 ## - ADDED ENTRY ELEMENTS (KOHA)
Koha item type Book
Holdings
Withdrawn status Lost status Damaged status Not for loan Home library Current library Date acquired Cost, normal purchase price Total Checkouts Full call number Barcode Date last seen Price effective from Koha item type
        Bombay Natural History Society Bombay Natural History Society 02/04/1999 500.00   595.7(54) 9911 BNHS-9911 04/15/2010 04/15/2010 Book